LEADER 01112nam a22002411i 4500 001 991001374369707536 005 20040310172250.0 008 040407s1966 it |||||||||||||||||ita 035 $ab12760493-39ule_inst 035 $aARCHE-074012$9ExL 040 $aDip.to Scienze Storiche$bita$cA.t.i. Arché s.c.r.l. Pandora Sicilia s.r.l. 082 04$a759.5 245 00$aSei artisti milanesi :$b1960-1965 : Cassinari, Fabbri, Fabris, Francese, Milani, Morlotti : Palazzo della Gran Guardia, Verona, 16 aprile-10 maggio 1966 /$ccatalogo a cura di Marco Valsecchi 260 $a[Verona] :$b[Cortella],$c[1966] 300 $a[10] c., 48 c. di tav. ;$c20 cm 650 4$aScultura italiana$ySec. 20.$xEsposizioni$y1966 700 1 $aValsecchi, Marco$eauthor$4http://id.loc.gov/vocabulary/relators/aut$037462 907 $a.b12760493$b02-04-14$c16-04-04 912 $a991001374369707536 945 $aLE009 LA VI C 12 (Fondo Bottari)$g1$lle009$o-$pE0.00$q-$rn$so $t0$u0$v0$w0$x0$y.i13300684$z16-04-04 996 $aSei artisti milanesi$91447590 997 $aUNISALENTO 998 $ale009$b16-04-04$cm$da $e-$fita$git $h0$i1 LEADER 01845nam0 22003973i 450 001 CFI0697137 005 20251003044145.0 010 $bERR$z9788838738386 100 $a20070920d2007 ||||0itac50 ba 101 | $aita 102 $ait 181 1$6z01$ai $bxxxe 182 1$6z01$an 183 1$6z01$anc$2RDAcarrier 200 1 $aˆLe ‰prestazioni energetiche degli edifici$econ software di calcolo BEES, Building energy efficiency software in versione LITE, sviluppato in conformità alle norme nazionali ed europee per la certificazione energetica$fGianfranco Cellai, Giovanni Bazzini, Marco Gai 210 $aSantarcangelo di Romagna$cMaggioli$d[2007] 215 $a142 p.$d25 cm.$e1 CD-Rom. 225 | $aProgettazione tecniche & materiali$v133 410 0$1001RMG0029659$12001 $aProgettazione tecniche & materiali$v133 606 $aEdifici$xImpianti termici$xRendimento ottimale$xProgrammi per microelaboratori$2FIR$3CFIC082757$9I 676 $a693.8$9COSTRUZIONE PER SPECIFICI SCOPI$v14 676 $a693.832$9EDIFICI. Costruzione per specifici scopi. Isolamento termico$v22 696 $aRendimenti ottimali$aFabbricati 699 $aRendimento ottimale$zRendimenti ottimali 699 $aEdifici$yFabbricati 700 1$aCellai$b, Gianfranco$3CFIV020858$4070$0447694 701 1$aBazzini$b, Giovanni$3CFIV237989$4070$0434856 701 1$aGai$b, Marco$3CFIV237990$4070$0447695 801 3$aIT$bIT-000000$c20070920 850 $aIT-BN0095 901 $bNAP 01$cSALA DING $n$ 912 $aCFI0697137 950 0$aBiblioteca Centralizzata di Ateneo$c1 v. + 1 CD-ROM$d 01SALA DING 693.8 CEL.pr$e 0102 0000063885 VMA 1 v. + 1 CD-ROM$fY $h20071031$i20071031 977 $a 01 996 $aPrestazioni energetiche degli edifici$9104991 997 $aUNISANNIO